[Event "Nuremberg-ch op 05th"]
[Site "Nuremberg"]
[Date "2005.05.08"]
[Round "5"]
[White "Noell, Thomas"]
[Black "Wettermann, Bernd"]
[Result "1/2-1/2"]
[WhiteElo "1854"]
[BlackElo "1729"]
[PlyCount "66"]
[EventDate "2005.05.06"]
[EventType "swiss"]
[EventRounds "5"]
[EventCountry "GER"]
[SourceTitle "EXT 2007"]
[Source "ChessBase"]
[SourceDate "2006.11.23"]
[SourceVersion "1"]
[SourceVersionDate "2006.11.23"]
[SourceQuality "1"]

1. g3 e5 2. Bg2 d5 3. d3 f5 4. a3 Be6 5. e3 Nf6 6. Nd2 c6 7. Ne2 Bd6 8. b3 0-0 9. Bb2 f4 10. exf4 exf4 11. Nxf4 Bxf4 12. gxf4 Bg4 13. Bf3 Bh3 14. Qe2 Nbd7 15. 0-0-0 Re8 16. Be5 Nxe5 17. fxe5 Qa5 18. Kb2 b5 19. d4 Bf5 20. Nf1 Qc7 21. Ne3 Rxe5 22. dxe5 Qxe5+ 23. Kb1 Be4 24. Rde1 a5 25. Ng4 Nxg4 26. Bxg4 Qc3 27. Ka2 a4 28. Rc1 axb3+ 29. cxb3 Rxa3+ 30. Kxa3 b4+ 31. Ka2 Qd4 32. Ra1 Qa7+ 33. Kb2 Qd4+ 1/2-1/2

[Event "Nuremberg-ch op 05th"]
[Site "Nuremberg"]
[Date "2005.05.07"]
[Round "2"]
[White "Fischer, Johannes"]
[Black "Noell, Thomas"]
[Result "1-0"]
[WhiteElo "2253"]
[BlackElo "1854"]
[PlyCount "45"]
[EventDate "2005.05.06"]
[EventType "swiss"]
[EventRounds "5"]
[EventCountry "GER"]
[SourceTitle "EXT 2007"]
[Source "ChessBase"]
[SourceDate "2006.11.23"]
[SourceVersion "1"]
[SourceVersionDate "2006.11.23"]
[SourceQuality "1"]

1. e4 g6 2. d4 Bg7 3. Nc3 d6 4. f4 a6 5. Be3 b5 6. a3 Bb7 7. Nf3 Nd7 8. e5 e6 9. Bd3 Ne7 10. 0-0 0-0 11. Bf2 Nd5 12. Nxd5 Bxd5 13. Qe2 Qb8 14. Ng5 Qb6 15. h4 Qc6 16. Kh2 Bc4 17. h5 Bxd3 18. Qxd3 h6 19. Ne4 Rfd8 20. Bh4 dxe5 21. Bxd8 Rxd8 22. dxe5 gxh5 23. Rad1 1-0

[Event "Nuremberg-ch op 05th"]
[Site "Nuremberg"]
[Date "2005.05.06"]
[Round "1"]
[White "Noell, Thomas"]
[Black "Bangert, Ruediger"]
[Result "1-0"]
[WhiteElo "1854"]
[BlackElo "1471"]
[PlyCount "75"]
[EventDate "2005.05.06"]
[EventType "swiss"]
[EventRounds "5"]
[EventCountry "GER"]
[SourceTitle "EXT 2007"]
[Source "ChessBase"]
[SourceDate "2006.11.23"]
[SourceVersion "1"]
[SourceVersionDate "2006.11.23"]
[SourceQuality "1"]

1. g3 c5 2. Bg2 d6 3. d3 Nc6 4. Nf3 Bg4 5. h3 Bd7 6. 0-0 Qc8 7. Kh2 Nf6 8. c3 e5 9. e4 Be7 10. Na3 h6 11. Re1 g5 12. d4 g4 13. dxe5 dxe5 14. hxg4 Bxg4 15. Nc4 Qe6 16. Ne3 Rd8 17. Qa4 h5 18. Nh4 Qc8 19. Nef5 Bxf5 20. Nxf5 Rg8 21. Be3 Ng4+ 22. Kg1 Nxe3 23. Nxe3 Rd2 24. Nc4 Rd7 25. Bh3 h4 26. Kg2 hxg3 27. fxg3 Bh4 28. Nd6+ Rxd6 29. Bxc8 Rxg3+ 30. Kh1 Rd2 31. Rg1 Re3 32. Rg2 Rd6 33. Bxb7 Rh6 34. Bxc6+ Kf8 35. Kg1 Rh3 36. Qb5 Rh1+ 37. Kxh1 Bf2+ 38. Rh2 1-0

[Event "Schwarzach op-B"]
[Site "Schwarzach"]
[Date "1999.??.??"]
[Round "4"]
[White "Fuchs, Egon"]
[Black "Noell, Thomas"]
[Result "1/2-1/2"]
[WhiteElo "1665"]
[BlackElo "1890"]
[PlyCount "92"]
[EventDate "1999.08.??"]
[EventType "swiss"]
[EventRounds "9"]
[EventCountry "AUT"]
[SourceTitle "EXT 2000"]
[Source "ChessBase"]
[SourceDate "1999.11.16"]
[SourceVersion "1"]
[SourceVersionDate "1999.11.16"]
[SourceQuality "1"]

1. Nf3 d5 2. c4 e6 3. g3 Nf6 4. Bg2 Be7 5. 0-0 0-0 6. b3 c5 7. d3 Nc6 8. Bf4 Nh5 9. Nbd2 Nxf4 10. gxf4 Qc7 11. e3 d4 12. Ne4 e5 13. Nxe5 Nxe5 14. fxe5 Qxe5 15. f4 Qe6 16. exd4 cxd4 17. Kh1 Qg6 18. Qf3 Bg4 19. Qf2 f5 20. Nd2 Rae8 21. Rae1 Qb6 22. Nf3 Bxf3 23. Bxf3 Bf6 24. Rxe8 Rxe8 25. Re1 Re3 26. Bd5+ Kf8 27. Rxe3 dxe3 28. Qe2 g6 29. Kg2 Qd4 30. Kf3 Qa1 31. Kxe3 Bd4+ 32. Kf3 Qg1 33. h3 g5 34. fxg5 Qxg5 35. Qe6 Qh5+ 36. Kf4 Qh4+ 37. Kxf5 Qxh3+ 38. Ke4 Qe3+ 39. Kf5 Qxd3+ 40. Qe4 Qh3+ 41. Qg4 Qxg4+ 42. Kxg4 b6 43. Kh5 Be3 44. b4 Kg7 45. c5 bxc5 46. bxc5 Bxc5 1/2-1/2

[Event "Schwarzach op-B"]
[Site "Schwarzach"]
[Date "1999.??.??"]
[Round "9"]
[White "Kinzlinger, Georg"]
[Black "Noell, Thomas"]
[Result "1/2-1/2"]
[WhiteElo "1775"]
[BlackElo "1890"]
[PlyCount "60"]
[EventDate "1999.08.??"]
[EventType "swiss"]
[EventRounds "9"]
[EventCountry "AUT"]
[SourceTitle "EXT 2000"]
[Source "ChessBase"]
[SourceDate "1999.11.16"]
[SourceVersion "1"]
[SourceVersionDate "1999.11.16"]
[SourceQuality "1"]

1. e4 e6 2. d4 d5 3. e5 c5 4. c3 Nc6 5. Nf3 Bd7 6. Be2 Nge7 7. 0-0 cxd4 8. cxd4 Nf5 9. Nc3 Be7 10. Be3 0-0 11. Qd2 f6 12. Bd3 fxe5 13. dxe5 d4 14. Bxf5 dxe3 15. Bxh7+ Kxh7 16. Qxe3 Qe8 17. Rad1 Rd8 18. Ne4 Qg6 19. a3 Kg8 20. b4 a6 21. Nd6 Bxd6 22. Rxd6 Qg4 23. Rfd1 Bc8 24. Rxd8 Nxd8 25. h3 Qg6 26. Rd4 Nc6 27. Rg4 Qb1+ 28. Kh2 Qf5 29. Kg3 Ne7 30. Nh4 Qf7 1/2-1/2

[Event "Regionalliga NW 9596"]
[Site "Bayern"]
[Date "1995.??.??"]
[Round "?"]
[White "Noell, Thomas"]
[Black "Rippstein, Bernhard"]
[Result "1-0"]
[WhiteElo "1835"]
[BlackElo "1880"]
[PlyCount "67"]
[EventDate "1995.10.??"]
[EventType "team-tourn"]
[EventRounds "9"]
[EventCountry "GER"]
[SourceTitle "EXT 1999"]
[Source "ChessBase"]
[SourceDate "1998.11.16"]
[SourceVersion "1"]
[SourceVersionDate "1998.11.16"]
[SourceQuality "1"]
[WhiteTeam "Wuerzburg II"]
[BlackTeam "Sand"]
[WhiteTeamCountry "GER"]
[BlackTeamCountry "GER"]

1. Nf3 d5 2. g3 c5 3. Bg2 Nc6 4. 0-0 Nf6 5. d3 Bg4 6. h3 Bd7 7. Nbd2 e5 8. e4 dxe4 9. dxe4 Qc7 10. c3 Be7 11. Qe2 0-0 12. Nc4 Rad8 13. Ne3 Qc8 14. Kh2 Nxe4 15. Nd5 Nf6 16. Nxe7+ Nxe7 17. Nxe5 Nc6 18. Nxd7 Qxd7 19. Be3 b6 20. Rad1 Qe6 21. Qa6 Nd5 22. Bg5 f6 23. Rfe1 Qf7 24. Bc1 Ne5 25. f4 Ng6 26. a3 h5 27. c4 Nde7 28. b3 Rxd1 29. Rxd1 Qe6 30. Qxa7 Qe2 31. Qd7 h4 32. g4 f5 33. g5 Qf2 34. Qe6+ 1-0